00602nam a22001937a 450000500170000001000290001702000260004602000230007203500270009503700150012203700190013708200100015610000130016624501000017926000430027927000530032230000300037570000030040520111010093954.0 aENG-103911 B-464175-189 a9780230322691c175.00 a0230322697c175.00 aEN-87444 B-464175-189 bDBAD / PUB bAllied Pub/Ven a158.1 aRoopleen aPrinciples of success made easy :cby Roopleenb14 easy steps to climb the ladder of success / aNew Delhi bMacmillan Publishersc2011 a2/10, Ansari Road, DaryaganjbNew Delhi e110002 axxvii,131p. c22cm (pbk)